书目信息 |
| 题名: |
太极拳运动
|
|
| 作者: | ;中华人民共和国体育运动委员会运动司 编 | |
| 分册: | ||
| 出版信息: | 北京 人民体育出版社 1962 |
|
| 页数: | 165页 | |
| 开本: | 20cm | |
| 丛书名: | ||
| 单 册: | ||
| 中图分类: | G852.1 | |
| 科图分类: | ||
| 主题词: | 武术 , 民族形式体育 | |
| 电子资源: | ||
| ISBN: | ||
| 000 | 00706nam0 2200205 450 | |
| 001 | 0655561827 | |
| 005 | 20061104152846.21 | |
| 010 | @dCNY0.34 | |
| 100 | @a20061104d1962 km y0chiy0120 ea | |
| 101 | 0 | @achi |
| 102 | @aCN@b110000 | |
| 200 | 1 | @a太极拳运动@Atai ji quan yun dong@f中华人民共和国体育运动委员会运动司编@Fzhong hua ren min gong he guo ti yu yun dong wei yuan hui yun dong si bian |
| 210 | @a北京@c人民体育出版社@d1962 | |
| 215 | @a165页@d20cm | |
| 606 | 0 | @a武术 |
| 606 | 0 | @a民族形式体育 |
| 690 | @aG852.1@v3 | |
| 711 | 0 | @a中华人民共和国体育运动委员会运动司@Azhong hua ren min gong he guo ti yu yun dong wei yuan hui yun dong si@4编 |
| 801 | 0 | @aCN@bPFT@c20061104 |
| 905 | @a10447@dG852.1@e1 | |
| 太极拳运动/中华人民共和国体育运动委员会运动司编.-北京:人民体育出版社,1962 |
| 165页;20cm |
| ISBN :CNY0.34 |
| ● |
| 相关链接 |
|
|
|
|
正题名:太极拳运动
索取号:G852.1/1
 
预约/预借
| 序号 | 登录号 | 条形码 | 馆藏地/架位号 | 状态 | 备注 |
| 1 | 0002710 | 000303246 | 第一样本阅览室/ [索取号:G852.1/1] | 在馆 |